[Event "Rouen op 9th"]
[Site "Rouen"]
[Date "2016.12.19"]
[Round "4"]
[White "Bat, Bilguun"]
[Black "Vasset, Francois"]
[Result "1-0"]
[WhiteElo "1563"]
[BlackElo "1399"]
[PlyCount "43"]
[EventDate "2016.12.17"]
[EventType "swiss"]
[EventRounds "7"]
[EventCountry "FRA"]
[SourceTitle "CBM 176 Extra"]
[Source "ChessBase"]
[SourceDate "2017.03.02"]
[SourceVersion "1"]
[SourceVersionDate "2017.03.02"]
[SourceQuality "1"]

1. d4 Nf6 2. c4 g6 3. Nc3 d5 4. Bg5 Ne4 5. Nxe4 dxe4 6. e3 c5 7. dxc5 Qa5+ 8. Qd2 Qxd2+ 9. Kxd2 Bg7 10. Kc2 Na6 11. Ne2 Nxc5 12. Nc3 e6 13. Rd1 0-0 14. Be7 Nd3 15. Bxf8 Nxf2 16. Bxg7 Kxg7 17. Be2 Nxh1 18. Rxh1 Bd7 19. Nxe4 Bc6 20. Bf3 Rd8 21. Rd1 Rxd1 22. Kxd1 1-0